[Event "GER-chT School WK GS"]
[Site "Playchess.com INT"]
[Date "2020.06.18"]
[Round "6.1"]
[White "Eistert, Paul"]
[Black "Boeing, Oskar"]
[Result "1-0"]
[WhiteElo "1519"]
[BlackElo "1572"]
[PlyCount "83"]
[EventDate "2020.06.11"]
[EventType "team-swiss (blitz)"]
[EventRounds "7"]
[EventCountry "GER"]
[SourceTitle "EXT 2021"]
[Source "ChessBase"]
[SourceDate "2020.10.23"]
[SourceVersion "1"]
[SourceVersionDate "2020.10.23"]
[SourceQuality "1"]
[WhiteTeam "Berlin Alt Schmar"]
[BlackTeam "Dortmund NW"]
[WhiteTeamCountry "GER"]
[BlackTeamCountry "GER"]

1. e4 e5 2. Nf3 Nc6 3. Nc3 Nf6 4. Bb5 Bc5 5. 0-0 a6 6. Ba4 0-0 7. d3 Nd4 8. Nxe5 d6 9. Nf3 Nxf3+ 10. Qxf3 Bg4 11. Qg3 Qc8 12. Be3 Nh5 13. Qh4 Bxe3 14. fxe3 b5 15. Bb3 Nf6 16. h3 Bd7 17. Nd5 Nxd5 18. Bxd5 Rb8 19. Qh5 Be6 20. Bc6 Rb6 21. Bd5 Bxd5 22. Qxd5 c6 23. Qxd6 Rd8 24. Qc5 Rb7 25. a4 bxa4 26. Rxa4 Rxb2 27. Qc4 Rb6 28. Qxf7+ Kh8 29. Rc4 Rb8 30. d4 Rf8 31. Qe7 Rxf1+ 32. Kxf1 Qf8+ 33. Qxf8+ Rxf8+ 34. Ke2 Ra8 35. Rxc6 a5 36. Kd1 a4 37. Kc1 a3 38. Kb1 a2+ 39. Ka1 Re8 40. Kxa2 Rxe4 41. Rc8+ Re8 42. Rxe8# 1-0

[Event "GER-chT School WK GS"]
[Site "Playchess.com INT"]
[Date "2020.06.11"]
[Round "3.1"]
[White "Boeing, Oskar"]
[Black "Sewerinov, Alexander"]
[Result "0-1"]
[WhiteElo "1572"]
[BlackElo "1639"]
[PlyCount "36"]
[EventDate "2020.06.11"]
[EventType "team-swiss (blitz)"]
[EventRounds "7"]
[EventCountry "GER"]
[SourceTitle "EXT 2021"]
[Source "ChessBase"]
[SourceDate "2020.10.23"]
[SourceVersion "1"]
[SourceVersionDate "2020.10.23"]
[SourceQuality "1"]
[WhiteTeam "Dortmund NW"]
[BlackTeam "Hannover Wasserk NI"]
[WhiteTeamCountry "GER"]
[BlackTeamCountry "GER"]

1. e4 c5 2. Bc4 d6 3. Nc3 Nf6 4. Nf3 g6 5. Ng5 e6 6. 0-0 Bg7 7. d3 0-0 8. Bf4 h6 9. Nf3 Nc6 10. e5 dxe5 11. Nxe5 Nxe5 12. Bxe5 a6 13. Qf3 Bd7 14. Bd6 Re8 15. Bxc5 Bc6 16. Qe3 Qc7 17. b4 Ng4 18. Qf3 Qxh2# 0-1